000 00629nam a2200205Ii 4500
001 4080
003 CO-ViMGA
008 241108s9999||||xx |||||||||||||| ||und||
040 _aCO-ViMGA
_bspa
_erda
_cCO-ViMGA
041 0 _aunk
082 0 4 _a398.2328617 A66u
100 1 _aMaría Luz Arrieta de Noguera
_956169
245 1 0 _aEl último cacique de la sabana
264 1 _a[Lugar de publicación no identificado] : Ediciones Aurora, 1985
300 _avolumen
336 _atext
_btxt
_2rdacontent
337 _aunmediated
_bn
_2rdamedia
338 _avolume
_bnc
_2rdacarrier
940 _aidficha_siabuc: 3989. -- ficha_no_siabuc:4080
999 _c53981
_d53981